Estadísticas para 7 Maravillas del mundo moderno con imágenes

Haz click aquí para intentar la prueba.

Estadísticas generales

  • Esta prueba ha sido intentada 141 veces
  • La puntuación promedio es 6 de 7

Estadísticas de respuestas

Respuesta% Correcto
Coliseo romano
97%
Machu picchu
93%
La gran muralla china
85%
Cristo redentor
81%
Ciudad de petra
75%
Taj Mahal
74%
Chichén Itzá
57%

Distribución de puntuación

Porcentaje por número respondido

Porcentaje de gente con cada puntuación

Historial de tus puntuaciones

No has intentado esta prueba.